00853nam a2200229 i 450000100060000000300090000600500170001500700030003200800410003510000310007624501460010725000150025326000350026830000430030349000260034650000270037250500970039970000270049670000430052383000260056685200310059297295ES-MaACL20250818174351.0t|050708s1947 sp ||||1| cat d1 aMaragall, Joan,d1860-191110aObres completes / cJoan Maragall; [próleg a l'obra catalana per Josep M. Capdevila]; [próleg a l'obra castellana per M. dels S. Oliver]. a[1ª ed.]. aBarcelona : bSelecta, c1947. a3 h., 1893 p., 1 lám. (1) ; c21 cm.1 aLa Biblioteca perenne a(1) Retrato del autor.8 aContiene: Obra poética-- Escrits en prosa. Obras castellanas-- Artículos-- Traducciones.1 aCapdevila, J. María.1 aOliver, Miquel dels Sants, d1864-19200 aLa Biblioteca perenne aES-MaACLjD-7821 bR.28878